LEADER 01578nam a2200301 i 4500 001 000000170994 003 CaOOAMICUS 005 20080415000000.0 008 080415s2007 it u000 u eng u 013 $a148411 020 $a978-88-7839-092-8 040 $aSeMil$bita 100 1 $aSzypula, Wojciech.$0(OLS)http://semarc/name/63960 245 14$aThe Holy Spirit in the eschatological tension of Christian life :$ban exegetico-theological study of 2 Corinthians 5,1-5-5 and Romans 8,18-27 /$cWojciech Szypula. 260 $aRoma :$bPontificia Università Gregoriana,$c2007. 300 $a432 p. ;$c24 cm. 490 0 $aTesi Gregoriana. Serie Teologia ;$v147 500 $aContiene : Bibliography. 650 4$aBibbia - NT - 2 Corinzi, 5,1-10.$0(OLS)http://semarc/subject/29796 650 4$aBibbia - NT - Lettere ai Romani 8,18-27.$0(OLS)http://semarc/subject/32559 650 4$aBibbia - NT - Lettere di Paolo - Escatologia.$0(OLS)http://semarc/subject/32560 830 0$aTesi Gregoriana. Serie Teologia ;$v147.$0(OLS)http://semarc/title/351 850 $aSeMil 852 $aSeMil$W1$xVenegono$y1$m2M VI 247$j121871$B121871$CSeMilBibl$Z2$F133130 $81 961 $aSottoscrizione: Città Nuova (Agente) 996 $6020$a978-88-7839-092-8$9(OLS)http://semarc/number/158054 996 $6245$aThe Holy Spirit in the eschatological tension of Christian life :$ban exegetico-theological study of 2 Corinthians 5,1-5-5 and Romans 8,18-27$9(OLS)http://semarc/title/244610 996 $6260$aRoma :$bPontificia Università Gregoriana$9(OLS)http://semarc/publisher/29750 LEADER 01136nam a2200253 4500 001 000000354158 003 CaOOAMICUS 005 20230612100003.0 008 230612s2017 it 000 u ita r 020 $a978-88-308-1414-1 040 $aSeMil$bita 100 1 $aAmbrosini, Maurizio,$d<1956- >.$0(OLS)http://semarc/name/52102 245 10$aNon passa lo straniero? :$ble politiche migratorie tra sovranità nazionale e diritti umani /$cMaurizio Ambrosini. 264 1$aAssisi :$bCittadella,$c2017. 300 $a219 p. ;$c19 cm 490 1 $aL'etica e i giorni 650 4$aImmigrazione - Politica - Europa.$0(OLS)http://semarc/subject/53852 830 2$aL'etica e i giorni.$0(OLS)http://semarc/title/35123 850 $aSeMil 852 $aSeMil$W1$xVenegono$y1$m2MA K 20$j241318$B245397$CSeMilBibl$Z2$F245397 $81 996 $6020$a978-88-308-1414-1$9(OLS)http://semarc/number/298321 996 $6245$aNon passa lo straniero? :$ble politiche migratorie tra sovranità nazionale e diritti umani$9(OLS)http://semarc/title/444293 996 $6264$aAssisi :$bCittadella$9(OLS)http://semarc/publisher/29661